| 000 | 01902nam0a2200373 4500 | ||
|---|---|---|---|
| 001 | RU\NLR\bibl\1854133 | ||
| 005 | 20260407194333.0 | ||
| 010 | _a978-5-91820-010-0 | ||
| 035 | _a(NLR Aleph) 001844068 | ||
| 090 |
_a2311820 _c2311820 |
||
| 100 | _a20101201d2009 |||y0rusy50 ca | ||
| 101 | 0 |
_arus _aeng |
|
| 102 | _aRU | ||
| 105 | _aa ||||||||| | ||
| 200 | 1 |
_aИван Кириллов _dIvan Kirillov _zeng |
|
| 210 |
_aМосква _cN-проспект _d2009 |
||
| 215 |
_a93, [3] с. _cил., цв. ил., портр. _d31 |
||
| 300 | _aНа обл.: Иван Кириллов, Мария Подкопаева | ||
| 300 | _aТекст парал. на рус. и англ. яз. | ||
| 309 | _aКаждое произведение имеет самостоят. тит. л. | ||
| 423 | 0 |
_12001#$aМария Подкопаева$dMaria Podkopaeva$eживопись$f[к сб. в целом: авт. ст.: Екатерина Гудзе]$zeng _1210##$aМосква$d2009 _1215##$aС. 54-93 _1700#1$aПодкопаева$bМ.$gМария$4070 _tМария Подкопаева _aПодкопаева, Мария |
|
| 510 | 1 |
_6z17790 _aIvan Kirillov _zeng |
|
| 600 | 1 |
_aПодкопаева _bМ.А. _f1981 _gМария Александровна _jАльбомы _92090599 _3RU\NLR\auth\661568987 |
|
| 600 | 1 |
_aКириллов _bИ.Б. _f1976 _gИван Борисович _jАльбомы _91413424 _3RU\NLR\auth\66595795 |
|
| 686 | _aЩ143(2Р=Рус)7-8Подкопаева | ||
| 686 | _aЩ143(2Р=Рус)7-8Кириллов | ||
| 700 | 1 |
_aКириллов _bИ. _f1976- _gИван _4070 |
|
| 712 | 0 | 2 |
_4570 _a"N-Prospect", галерея _cСанкт-Петербург _3RU\NLR\AUTH\8810128495 _9754011 |
| 790 | 1 |
_6z17510 _aKirillov _bI. _f1976- _gIvan _4070 |
|
| 801 | 0 |
_aRU _bNLR _c20101201 _gRCR |
|
| 801 | 1 |
_aRU _bNLR _c20101201 |
|
| 942 | _cBOOK | ||
| 980 | _aNB | ||